| 000 | 00827nmm a2200253 a 4500 | ||
|---|---|---|---|
| 001 | ocm000702775 | ||
| 003 | TR-IsHL | ||
| 005 | 20201028133546.0 | ||
| 008 | 131121s1980 tu tur | ||
| 007 | cr cn | ||
| 035 |
_a702775 _b(N$T) |
||
| 050 | 0 | 4 |
_aBP134.E8 _bS86 1980 |
| 090 | 0 | 4 |
_aBP134.E8 _bS86 1980 |
| 100 | 1 | _aSunar, Cavit | |
| 245 | 1 | 0 |
_aİbn Miskeveyh ve Yunan'da ve İslam'da ahlak görüşleri _h[electronic resource] / _cCavit Sunar |
| 260 |
_aAnkara : _bAnkara Üniversitesi, _c1980 |
||
| 300 | _a229 p. | ||
| 650 | 4 | _aFelsefe, Psikoloji ve Din | |
| 650 | 4 | _aPhilosophy, Psychology and Religion | |
| 650 | 0 | _aİslam ahlakı | |
| 650 | 0 | _aIslamic ethics | |
| 650 | 7 |
_aRELIGION / Ethics _2bisacsh |
|
| 856 | 4 | 0 | _uhttp://search.ebscohost.com/login.aspx?direct=true&scope=site&db=e011xww&AN=702775 |
| 999 |
_c5708 _d5708 |
||